00282 a2200133 450000100060000002000180000604000220002410000230004624000260006924500150009530000080011036200090011865000210012768080 a9783126071437 cAnchieta - Pituba aSchwieger, Bettina10aKlasse! B1ldeu / ger10aKlasse! B1 a1440 a2020 4aLíngua alemã